LEADER 02002cas0 2200397 450 001 E600200072447 005 20230703065136.0 011 $a11200413 100 $a20110311a19939999|||||ita|0103 ba 101 $aita$aeng 102 $aIT 110 $aa 200 1 $aAltreitalie$erassegna internazionale di studi sulle popolazioni di origine italiana nel mondo 207 1$aA. 1, n. 1 (1989)- 210 $aTorino$cEdizioni della Fondazione Giovanni Agnelli 215 $av.$d21 cm 300 $aSemestrale 300 $aLa numerazione dei fascicoli è progressiva nelle annate 300 $aComplemento del titolo anche in inglese 300 $aIl complemento del titolo varia in: rivista internazionale di studi sulle migrazioni italiane nel mondo 300 $aL'editore varia in: Rosenberg & Sellier; poi in: Academia university press 423 1$1001SOBE00076421$12001 $aInternational review of studies on the peoples of Italian origin in the world 423 1$1001SOBE00076422$12001 $aInternational journal of studies on Italian migrations in the world 712 02$a*Fondazione *Giovanni *Agnelli $3SOBA00000765$4070 712 02$a*Centro *Altreitalie $3SOBA00027808$4070 801 0$aIT$bUNISOB$c20230703$gRICA 850 $aUNISOB 852 $aUNISOB$jIt$m79050 852 $aUNISOB$jIt$m180104 912 $aE600200072447 940 $aS 120 Periodico SBN 941 $aS 957 $aIt$b000465$gCON$d79050$hDurante$e1989-1993; 2005-2007; 2009-2014. Lacune: n. 7 (1992); n. 10 (1993); n. 30 (2005); n. 35 (2007); n. 45 (2012); n. 47 (2013)$rdono$uSospeso$1beth$2UNISOB$3UNISOB$420110311092637.0$520230703065035.0$6catenaccif$sa. 2, n. 4 (1990), a. 3, n. 6 (1991) e annate dal 2005: dono Prof. Durante 957 $aIt$b000465$i-B$gCON$d180104$hDurante$e2010. Lacune: n. 41 (2010)$rdono Prof. F. Durante$uSospeso$1catenaccif$2UNISOB$3UNISOB$420230703064820.0$520230703065136.0$6catenaccif 996 $aAltreItalie$9619029 997 $aUNISOB LEADER 02740nam 22007333u 450 001 9910778367603321 005 20230207225051.0 010 $a1-280-84398-5 010 $a9786610843985 010 $a0-19-153465-X 010 $a1-4356-2319-3 035 $a(CKB)1000000000482034 035 $a(EBL)737492 035 $a(OCoLC)427508502 035 $a(SSID)ssj0000085407 035 $a(PQKBManifestationID)11116139 035 $a(PQKBTitleCode)TC0000085407 035 $a(PQKBWorkID)10024766 035 $a(PQKB)11443041 035 $a(MiAaPQ)EBC737492 035 $a(MiAaPQ)EBC7038955 035 $a(Au-PeEL)EBL7038955 035 $a(EXLCZ)991000000000482034 100 $a20130418d2006|||| u|| | 101 0 $aeng 135 $aur|n|---||||| 181 $ctxt 182 $cc 183 $acr 200 14$aThe Architecture of the Imagination$b[electronic resource] $eNew Essays on Pretence, Possibility, and Fiction 210 $aOxford $cClarendon Press$d2006 215 $a1 online resource (290 p.) 300 $aDescription based upon print version of record. 311 $a0-19-927572-6 327 $aContents; Contributors; 1. Introduction; I. THE NATURE OF THE IMAGINATION; II. PRETENCE; III. IMAGINATIVE RESISTANCE; IV. IMAGINATION AND POSSIBILITY; Index 330 $aThis volume brings together specially written essays by leading researchers on the propositional imagination. This is the mental capacity we exploit when we imagine that Holmes has a bad habit or that there are zombies. It plays an essential role in philosophical theorizing, engaging with fiction, and indeed in everyday life. The Architecture of the Imagination capitalizes on recent attempts to give a cognitive account of this capacity, extending the theoretical picture and exploring the philosophical implications. 606 $aImagination (Philosophy) 606 $aImagination 606 $aPsychology 606 $aImagination (Philosophy) 606 $aPsychology$2HILCC 606 $aAesthetics$2HILCC 606 $aPhilosophy$2HILCC 606 $aSocial Sciences$2HILCC 606 $aPhilosophy & Religion$2HILCC 615 4$aImagination (Philosophy). 615 4$aImagination. 615 4$aPsychology. 615 0$aImagination (Philosophy) 615 7$aPsychology 615 7$aAesthetics 615 7$aPhilosophy 615 7$aSocial Sciences 615 7$aPhilosophy & Religion 676 $a128 700 $aNichols$b Shaun$01467889 702 $aNichols$b Shaun 801 0$bAU-PeEL 801 1$bAU-PeEL 801 2$bAU-PeEL 906 $aBOOK 912 $a9910778367603321 996 $aThe Architecture of the Imagination$93678763 997 $aUNINA